| 000 | 00681nam a2200193Ia 4500 | ||
|---|---|---|---|
| 003 | GCL | ||
| 008 | 140319s9999 xx 000 0 ara d | ||
| 040 |
_aGCL / _cGCL |
||
| 082 | 0 | 4 |
_a658.3124 _bع ا |
| 100 | 1 | _aعبدالرحمن توفيق | |
| 245 | 1 | 0 |
_aالاصول والمبادئ العلمية - التدريب / _cعبدالرحمن توفيق |
| 260 |
_aالقاهرة : _bمركز الخبرات المهنية للادارة بميك ، _c2000 |
||
| 300 |
_a375 ص ؛ _c24 سم |
||
| 650 | 0 | 4 | _aالتوجية الادارى |
| 650 | 0 | 4 | _aالتدريب |
| 650 | 0 | 4 | _aالحاسبات الالية |
| 650 | 0 | 4 | _aالدورات التدريبية |
| 942 |
_2ddc _cBK |
||
| 999 |
_c5491 _d5491 |
||